Most Streamed Balkan Artists On Spotify - Statistics

General Stats
  • This quiz has been taken 153 times
    7 since last reset
  • The average score is 2 of 40
Answer Stats
Number Artists Country % Correct
1,465,845 Jala Brat Bosnia and Herzegovina
100%
1,484,990 Buba Corelli Bosnia and Herzegovina
86%
1,338,585 Senidah Slovenia
43%
857,646 Severina Croatia
14%
656,020 Aca Lukas Serbia
0%
484,957 Aleksandra Prijovic Serbia
0%
707,613 Ana Nikolic Serbia
0%
736,152 Biba Serbia
0%
506,798 Breskvica Serbia
0%
787,331 Ceca Serbia
0%
1,071,276 Coby Serbia
0%
489,689 Corona Serbia
0%
564,637 Dara Bubamara Serbia
0%
864,640 Devito Serbia
0%
619,652 Dino Merlin Bosnia and Herzegovina
0%
782,832 Elena Serbia
0%
539,960 Elitni Odredi Serbia
0%
596,330 Grse Croatia
0%
529,515 Halid Beslic Bosnia and Herzegovina*
0%
499,985 Henny Serbia
0%
487,679 Inas Bosnia and Herzegovina
0%
543,124 Indira Radic Bosnia and Herzegovina
0%
640,185 Lepa Brena Bosnia and Herzegovina
0%
704,636 Maya Berovic Bosnia and Herzegovina
0%
491,039 Mile Kitic Bosnia and Herzegovina
0%
536,375 Milica Todorovic Serbia
0%
509,054 Natasa Bekvalac Serbia
0%
652,765 Nikolija Serbia
0%
957,654 Nucci Serbia
0%
1,008,299 Rasta Serbia
0%
891,241 Relja Serbia
0%
482,724 Rimski Serbia
0%
605,174 Sasa Matic Serbia
0%
616,308 Seka Aleksic Serbia
0%
690,969 Tanja Savic Serbia
0%
560,680 Teodora Serbia
0%
776,264 Teya Dora Serbia
0%
511,423 THCF Serbia
0%
919,989 Voyage Serbia
0%
553,074 Zeljko Samardzic Bosnia and Herzegovina
0%
No matching quizzes found
Score Distribution
Percent of People with Each Score
Percentile by Number Answered
Your Score History
You have not taken this quiz since the last reset